Normal view MARC view
  • Liaqat, Adnan Ali

Entry Personal Name

Number of records used in: 1

001 - CONTROL NUMBER

  • control field: 132911

003 - CONTROL NUMBER IDENTIFIER

  • control field: NUST

005 - DATE AND TIME OF LATEST TRANSACTION

  • control field: 20260126153244.0

008 - FIXED-LENGTH DATA ELEMENTS

  • fixed length control field: 260126|| aca||aabn | a|a d

040 ## - CATALOGING SOURCE

  • Original cataloging agency: NUST
  • Transcribing agency: NUST

100 ## - HEADING--PERSONAL NAME

  • Personal name: Liaqat, Adnan Ali

670 ## - SOURCE DATA FOUND

  • Source citation: Work cat.: (NUST): Liaqat, Adnan Ali, Base Station Antenna For 5G Networks With Beam- Switching Capabilities At 3.5 GHz /, July, 2021
© 2023 Central Library, National University of Sciences and Technology. All Rights Reserved.